| 000 | 00961cam a22002174a 4500 | ||
|---|---|---|---|
| 005 | 20250605164129.0 | ||
| 008 | 250528s ||||||||||||||||||||||||d | ||
| 035 | _a18554 | ||
| 020 | _a442008406 | ||
| 040 |
_aGR-AtMCL _bgre _dGR-AtMCL _eAACR2 |
||
| 245 | 1 | _aBorrowed Design / Use and Abuse of Historical Form | |
| 260 |
_bVan Nostrand Reinhold, _c1993 |
||
| 300 | _a184 | ||
| 505 | 0 | _aPreface, Are You a Thief?, Original Sin, Trespassing on Intellectual Property, Fun and Folly, Do-It-Yourself History, Mix and Match, Style Snatching, Reprise and Revival, Catching the Next Wave, Bibliography, Index. | |
| 520 | _aPreface, Are You a Thief?, Original Sin, Trespassing on Intellectual Property, Fun and Folly, Do-It-Yourself History, Mix and Match, Style Snatching, Reprise and Revival, Catching the Next Wave, Bibliography, Index. | ||
| 700 | 1 |
_aHeller Steven _92457 |
|
| 700 | 1 |
_aLasky Julie _94819 |
|
| 942 | _cBK | ||
| 999 |
_c3905 _d3905 |
||